| 000 | 00609nam a2200169Ia 4500 | ||
|---|---|---|---|
| 003 | 0 | ||
| 005 | 20250210112256.0 | ||
| 008 | 140724s9999 xx 000 0 und d | ||
| 050 |
_aRT 86 _b.D249 2006 |
||
| 100 | _aDavid, Cheryll E. | ||
| 245 | 4 |
_aThe relationship of eating breakfast to the academic performance of third year nursing students in Southville International School and Colleges / _cCheryll E. David. |
|
| 260 |
_aLas PiƱas, Philippines : _bSouthville International School and Colleges, _cc2006. |
||
| 300 |
_a45 p. : _bill. ; _c28 cm. |
||
| 521 | _aNursing | ||
| 942 |
_cTH _2lcc |
||
| 999 |
_c228705 _d228705 |
||